Nethra-Vol. 6 no. 1 & 2 (April - September 2003 (Record no. 4804)
[ view plain ]
| 000 -LEADER | |
|---|---|
| fixed length control field | 00264nam a2200097 4500 |
| 008 - FIXED-LENGTH DATA ELEMENTS--GENERAL INFORMATION | |
| fixed length control field | 240223b |||||||| |||| 00| 0 eng d |
| 022 ## - INTERNATIONAL STANDARD SERIAL NUMBER | |
| ISSN | 13912380 |
| 942 ## - ADDED ENTRY ELEMENTS (KOHA) | |
| Item Type | Periodicals |
| 245 ## - TITLE STATEMENT | |
| Title | Nethra-Vol. 6 no. 1 & 2 (April - September 2003 |
| 246 ## - VARYING FORM OF TITLE | |
| Title | Special Issue : July 83 and after |
| Withdrawn status | Lost status | Source of classification or shelving scheme | Damaged status | Not for loan | Permanent location | Current location | Date acquired | Total Checkouts | Full call number | Barcode | Date last seen | Price effective from | Koha item type |
|---|---|---|---|---|---|---|---|---|---|---|---|---|---|
| Dewey Decimal Classification | Resource center, Muslim Women's Research And Action Forum | Resource center, Muslim Women's Research And Action Forum | 2024-02-23 | 322 NET | RAF5096 | 2024-02-23 | 2024-02-23 | Periodicals |

